000 00978nas a22002177a 4500
003 NALT
005 20210623152408.0
008 181213b th ||||| |||| 00| 0 tha d
022 _a22289526
040 _aNALT
041 0 _atha
245 1 0 _aวารสารนิติศาสตร์ คณะนิติศาสตร์ มหาวิทยาลัยอัสสัมชัญ = Assumption University Law Journal
260 3 _aกรุงเทพฯ :
_bคณะนิติศาสตร์ มหาวิทยาลัยอัสสัมชัญ
310 _aรายหกเดือน
500 _aหยุดผลิตฉบับพิมพ์และเผยแพร่ในรูปแบบวารสารอิเล็กทรอนิกส์
850 _aNALT
856 _uhttp://www.assumptionjournal.au.edu/index.php/LawJournal
866 3 1 _a-
942 _cJNR
_2lcc
998 _b37
_d2015-10-01 15:14:13.153
_j755
_k จินตนา เอี่ยมคง
999 _c91992
_d91992